000 01312nam a2200217 a 4500
005 20260322212055.0
008 data
099 _aDVD WM 203 U555
245 0 0 _aUnlisted :
_ba story of schizophrenia /
_cedited by Delaney Ruston, William Haugse & Steven Okazaki.
260 _aSeattle, WA :
_bMyDoc Productions,
_c2010.
300 _aDVD video 1 videodisc (56 min., 47 sec.) : sd., col. ;
_b4 3/4 in.
500 _aDocumentary./ Date from disc surface; date on credits c2009./ Accompanied by a discussion guide inside the DVD case./ Participants: Narrator: Delaney Ruston; Bonnie Buchanan, Michael Chambers, Jim McDermott, Mel Lewin, Eileen Miller, Richard Ruston, Sarah Steyer, Chase Small, Tessa Small, Peter Small, Tod Lipkin, Stephanie Watari, Lesley Devine.
520 _aA first person account of Delaney Ruston's troubled relationship with her father who suffers from Paranoid schizophrenia. After a 10 year separation, she reconnects with her father and her experiences highlights the effects of mental illness on families, and the urgent need for a better mental health care system in America.
650 0 _aSchizophrenia
650 0 _aParanoid schizophrenia
650 0 _aMental health services
700 1 _aRuston, Delaney
700 1 _aHaugse, William
700 1 _aOkazaki, Steven
001 data
999 _c1312
_d1312